UBT Library

Vietnam, a history / (Record no. 41016)

000 -LEADER
fixed length control field 00775cam a2200241 a 4500
001 - CONTROL NUMBER
control field 935301
005 - DATE AND TIME OF LATEST TRANSACTION
control field 20180126082026.0
008 - FIXED-LENGTH DATA ELEMENTS--GENERAL INFORMATION
fixed length control field 830526s1983 nyua b 001 0 eng
010 ## - LIBRARY OF CONGRESS CONTROL NUMBER
LC control number 83047905
020 ## - INTERNATIONAL STANDARD BOOK NUMBER
International Standard Book Number 0670746045 :
Terms of availability $20.00
040 ## - CATALOGING SOURCE
Original cataloging agency DLC
Transcribing agency DLC
Modifying agency DLC
041 ## - LANGUAGE CODE
Language code of text/sound track or separate title eng
043 ## - GEOGRAPHIC AREA CODE
Geographic area code a-vt---
-- n-us---
080 ## - UNIVERSAL DECIMAL CLASSIFICATION NUMBER
Universal Decimal Classification number 959.704
082 00 - DEWEY DECIMAL CLASSIFICATION NUMBER
Classification number 959.704 KAR
Edition number 19
100 1# - Rafti
Rafti 16
101 ## - Shkurtesa
Shkurtesa HIS
245 10 - TITLE STATEMENT
Title Vietnam, a history /
Statement of responsibility, etc Stanley Karnow.
504 ## - BIBLIOGRAPHY, ETC. NOTE
Bibliography, etc Bibliography: p. 708-728.
906 ## - LOCAL DATA ELEMENT F, LDF (RLIN)
a 7
b cbc
c orignew
d 1
e ocip
f 19
g y-gencatlg
942 ## - ADDED ENTRY ELEMENTS (KOHA)
Source of classification or shelving scheme
Item type Books
Holdings
Withdrawn status Lost status Source of classification or shelving scheme Damaged status Not for loan Collection code Permanent location Current location Shelving location Date acquired Total Checkouts Full call number Barcode Date last seen Price effective from Koha item type
          Koleksioni i përgjithshem UBT - Lipjan UBT - Lipjan Koleksioni i përgjithshem 01/26/2018   959.704 KAR 002-2996437 01/26/2018 01/26/2018 Books
UBT Library © 2015-2024. All rights reserved University Education for Business and Technology